00375nam a2200109Ia 4500008004100000082002000041100001700061245004900078260004400127630001800171650007600189211109s9999||||xx |||||||||||||| ||und|| a894.8124bNAY-P aNayanar, E K 0aPurogamana Sahithya Prasthanathinte Valarcha bSahithya Pravarthaka...aKottayamc1978 xGeneral stack aMalayalam LiteraturevMalayalam Essaysxliteratue and rhetoricMalayalam